00313nam a2200109Ia 450000500170000000800410001702000180005808200130007610000200008924500560010926000380016520250516145652.0250516s9999 xx 000 0 und d a9780996635585 a306bKOC aKockelman, Paul 0aKinds Of Value: An Experiment In Modal Anthropology bUniversity of Chicago Pressc2020